Better Call Saul Trivia #I - Statistics

General Stats
  • This quiz has been taken 66 times
  • The average score is 8 of 15
Answer Stats
Hint Answer % Correct
Nachos real name Ignacio Varga
96%
Jimmys home state Illinois
91%
Dropped to the floor and eaten by ants Ice Cream
87%
Kim threatens to report the Kettlemens tax return scam to the __ IRS
79%
Elderly lady, living in a Sandpiper retirement home Irene Landry
70%
The origin of the name Saul Goodman Its all good man
64%
The only exact body part Hector is able to move after his stroke Index finger
60%
Jimmy is refused his reinstatement as a lawyer, because the commitee think he is __ Insincere
51%
Hank and Gomez __ Domingo after he gets caught. interrogate
43%
Werner leaves the construction but leaves his __ for the crew behind Instructions
38%
Nacho switches Hectors pills with __ which increases the risk of a heart attack or stroke Ibuprofen
30%
Jimmy receives 5000$ __ after Chucks death. Inheritance
28%
Hectors last ever words It is personal
26%
Steals a Hummel figure for Jimmy Ira
17%
Episode in Season 2 Inflatable
11%
No matching quizzes found
Score Distribution
Percent of People with Each Score
Percentile by Number Answered
Your Score History
You have not taken this quiz